000 00318 a2200145 4500
001 174826
020 _a
040 _cMagnum
100 _aFrança, Mary
240 1 0 _aOs pingos ! em passeio na fazenda
_lpor
245 1 0 _aOs pingos ! em passeio na fazenda
362 0 _a1899
697 _aI/ANIMAIS
942 _cBK
999 _c174826
_d174826